000 01637nam0a2200385 4500
001 RU\NLR\bibl\121561
005 20260407073149.0
021 _aRU
_b2000-34646
_91609
035 _a(NLR Aleph) 000119051
090 _a677490
_c677490
100 _a20001101d2000 |||y0rusy50 ca
101 0 _arus
102 _aRU
105 _ay |||||||||
200 1 _aЗападноевропейские модели социально-экономического развития
_e[Сб. ст.]
_fРос. акад. наук, Ин-т мировой экономики и междунар. отношений
_g[Отв. ред. В. П. Гутник]
210 _aМ.
_cИМЭМО
_d2000
215 _a215 с.
_cил.
_d28
606 0 _aРыночная экономика
_jСборники
_yЕвропейские страны
_92077655
_3RU\NLR\auth\661253334
610 0 _aСоциальное развитие
610 0 _aЭкономика
610 0 _aЗападная Европа
610 0 _aЗападная Европа, социологиясоциология
675 _a[338.2 +316.42](4-672)(082)
_v3
_zrus
686 _a06.75
_2rugasnti
686 _a65.6
_2rubbk
686 _aУ9(4)-17в611я43
702 1 _aГутник
_gВладимир Петрович
_4340
712 0 2 _4570
_aИнститут мировой экономики и международных отношений
_cМосква
_3RU\NLR\AUTH\883073
_9277290
801 0 _aRU
_bRKP
_c20001101
_gPSBO
801 1 _aRU
_bRKP
_c20001101
801 2 _aRU
_bNLR
_c20010129
_grcr
852 _aNLR
_j2000-8/2054
942 _cBOOK
980 _aNB